Nghiên cứu, khảo sát khủng hoảng nợ công Châu Âu tại Italia và CHLB Đức /

Αποθηκεύτηκε σε:
Λεπτομέρειες βιβλιογραφικής εγγραφής
Κύριος συγγραφέας: Đinh Công Tuấn, PGS.TS.
Μορφή: Άρθρο
Γλώσσα:Vietnamese
Θέματα:
Ετικέτες: Προσθήκη ετικέτας
Δεν υπάρχουν, Καταχωρήστε ετικέτα πρώτοι!
Thư viện lưu trữ: Thư viện Trường Đại học Đà Lạt
LEADER 00825nam a2200277 4500
001 DLU140165901
005 ##20141203
040 # # |a DLU  |b vie 
041 # # |a vie 
044 # # |a vn 
100 # # |a Đinh Công Tuấn,  |c PGS.TS. 
245 # # |a Nghiên cứu, khảo sát khủng hoảng nợ công Châu Âu tại Italia và CHLB Đức /  |c Đinh Công Tuấn. 
653 # # |a Châu Âu 
653 # # |a Khủng hoảng 
653 # # |a Kinh tế 
653 # # |a Tiền tệ 
773 # # |t Tạp chí Nghiên cứu Châu Âu  |g Số8(155), 2013, tr. 3-12 
920 # # |a Phòng Tạp chí -- Trung tâm Thông tin - Thư viện Trường Đại học Đà Lạt 
994 # # |a DLU 
900 # # |a True 
911 # # |a Nguyễn Thị Mai Anh 
925 # # |a G 
926 # # |a A 
927 # # |a BB 
980 # # |a Thư viện Trường Đại học Đà Lạt